Ο βωμός του Διονύσου στην Κω : συμβολή στη μελέτη της ελληνιστικής πλαστικής και αρχιτεκτονικής
Αποθηκεύτηκε σε:
| Κύριος συγγραφέας: | |
|---|---|
| Συγγραφή απο Οργανισμό/Αρχή: | |
| Μορφή: | Βιβλίο |
| Γλώσσα: | Greek |
| Δημοσίευση: |
Αθήνα :
Ταμείο Αρχαιολογικών Πόρων και Απαλλοτριώσεων,
1987.
|
| Σειρά: | Δημοσιεύματα του αρχαιολογικού δελτίου ;
34 |
| Θέματα: | |
| Ετικέτες: |
Προσθήκη ετικέτας
Δεν υπάρχουν, Καταχωρήστε ετικέτα πρώτοι!
|
MARC
| LEADER | 00000cam a2200000 i 4500 | ||
|---|---|---|---|
| 001 | 1/57010 | ||
| 008 | 071005s1987 gr | ||| |||| ||gre|| | ||
| 035 | |l 10091245 | ||
| 040 | |a GR-MyUa |b gre |e AACR2 | ||
| 041 | 0 | |a gre |b eng |b ger | |
| 082 | 7 | |a 722.8 |2 (22) | |
| 100 | 1 | |a Σταμπολίδης, Νικόλαος Χρ. | |
| 245 | 1 | 2 | |a Ο βωμός του Διονύσου στην Κω : |b συμβολή στη μελέτη της ελληνιστικής πλαστικής και αρχιτεκτονικής / |c Νικόλαος Χρ. Σταμπολίδης ; Υπουργείο Πολιτισμού |
| 260 | |a Αθήνα : |b Ταμείο Αρχαιολογικών Πόρων και Απαλλοτριώσεων, |c 1987. | ||
| 300 | |a 369 σ. : |b πιν., εικ. ; |c 28 εκ. | ||
| 490 | 1 | |a (Δημοσιεύματα του αρχαιολογικού δελτίου ; |v 34) | |
| 500 | |a Περίληψη στα αγγλικά και γερμανικά. | ||
| 504 | |a Περιλαμβάνει βιβλιογραφίες και ευρετήριο. | ||
| 600 | 0 | 0 | |a Dionysus |c (Greek deity). |
| 650 | 0 | 0 | |a Temples |z Greece |z Kos (Municipality) |
| 650 | 0 | |a Sculpture, Greek |z Greece |z Kos (Municipality) | |
| 650 | 0 | |a Relier (Sculpture), Greek |z Greece |z Kos (Municipality) | |
| 651 | 0 | |a Kos (Greece : Municipality) |x Antiquities. | |
| 710 | 2 | |a Υπουργείο Πολιτισμού. | |
| 830 | 0 | |a Δημοσιεύματα του αρχαιολογικού δελτίου ; |v 34 | |
| 852 | |a INST |b RHODES |e 20071005 |h 722.8 ΣΤΑ |p 005400025564 |q 005400025564 |t BK |y 0 | ||
| 901 | |a BIBL4-2007-3 | ||
| 922 | |a 4ΕΛΗ |b 200708 |c ΕΠΕΑΕΚ2/ΤΜΣ |d Σ. ΠΑΤΑΚΗΣ | ||
| 970 | |a ΧΑΡΙΟΠΟΛΙΤΟΥ |b ΚΩΝΣΤΑΝΤΙΝΑ |z 2007/10/05 | ||